Normal view
MARC view
Entry Personal Name
001 - CONTROL NUMBER
- control field: 20814
003 - CONTROL NUMBER IDENTIFIER
- control field: dpl
005 - DATE AND TIME OF LATEST TRANSACTION
- control field: 20100920143633.0
008 - FIXED-LENGTH DATA ELEMENTS
- fixed length control field: 100920|||a|||||| | ||| d
040 ## - CATALOGING SOURCE
- Original cataloging agency: dpl
- Transcribing agency: dpl
100 ## - HEADING--PERSONAL NAME
- Personal name: Mohini, Mudit
670 ## - SOURCE DATA FOUND
- Source citation: Work cat.: (dpl): Mohini, Mudit, Vishv's best picture dictionary /, [200?]
670 ## - SOURCE DATA FOUND
- Source citation: Work cat.: (dpl): Mohini, Mudit, Vishv's best picture dictionary /, [200?]
